000 00994nam a2200265Ia 4500
003 OSt
005 20221005110842.0
006 a|||||r|||| 00| 0
007 ta
008 221004b |||||||| |||| 00| 0 hin d
020 _a9788126725359 (hbk)
_c350
024 _a13631
037 _b8178, 20/03/2014, Rajkamal Prakashan Pvt. Ltd.
_cTextual
040 _aCRL
_cCRL
_bhin
041 _2hin
_ahin
082 _aB9xD476, 152Q4
100 _aमुले, गुणाकर
245 0 _aमहान गणितज्ञ - ज्योतिषि आर्यभट
246 _aMahān gaṇitagna - jyotiṣhi āryabhaṭa
260 _aनई दिल्ली
_bराजकमल प्रकाशन भारत
_c2014
300 _a203पृ0
_ccm.
650 _aग्थ्ण्ज्ञत्
942 _hB9xD476, 152Q4
_cTEXL
_2cc
999 _c1020072
_d1020072